000 00755nam a2200193Ia 4500
999 _c52816
_d52816
003 GCL
005 20240530105045.0
008 140319s9999 xx 000 0 ara d
040 _aGCL /
_cGCL
082 0 4 _a217.6
_bع و
100 1 _aعلى عبدالحليم محمود
245 1 0 _aوسائل التربية عند الأخوان المسلمين :
_bدراسة تحليلية تاريخية /
_cعلى عبدالحليم محمود
260 _aالقاهرة :
_bدار الوفاء للطباعة والنشر والتوزيع ،
_c1990
300 _a347 ص
650 0 4 _aالحركات الفكرية عند المسلمين
650 0 4 _aالتربية الاسلامية
650 0 4 _aالاخوان المسلمون
942 _2ddc
_cBK